| 000 | 00638nam a22001937a 4500 | ||
|---|---|---|---|
| 003 | LK-CoMWRAF | ||
| 005 | 20240605162515.0 | ||
| 008 | 240331b2017 |||||||| |||| 00| 0 eng d | ||
| 040 |
_aLK-CoMWRAF _dLK-CoMWRAF _eLK-CoMWRAF |
||
| 041 | _atam | ||
| 082 |
_a494.811 _bNAR |
||
| 245 | _aநர்மதாவின் தமிழ் அகராதி | ||
| 246 | _aNarmatāviṉ tamiḻ akarāthi | ||
| 260 |
_aChennai: _bNarmada, _c2005 |
||
| 300 | _a816 p. ill. | ||
| 650 | _aDICTIONARIES-Tamil-English | ||
| 700 |
_aமருதிதாசம், செந்தமிழறிஞர் _yMaarudhidhaasan, Senthamizh |
||
| 942 | _cREF | ||
| 999 |
_c4878 _d4878 |
||